| 000 | 00763nam a2200253Ia 4500 | ||
|---|---|---|---|
| 003 | OSt | ||
| 005 | 20220925181250.0 | ||
| 006 | a|||||r|||| 00| 0 | ||
| 007 | ta | ||
| 008 | 220923b |||||||| |||| 00| 0 eng d | ||
| 020 | _a8186898050 | ||
| 037 | _cGeneral Book | ||
| 040 |
_aRTL _cRTL _beng |
||
| 041 |
_2eng _aeng |
||
| 082 | _aY:582.2, P5 | ||
| 100 |
_aWARAICH Malwinderjit Singh _9253248 |
||
| 245 | 0 |
_aKomagata Maru _b A challenge to colonialism Key documents |
|
| 260 |
_aChandigarh _bUnistar _c2005 |
||
| 300 |
_a343p _ccm. |
||
| 500 | _aBibliography chapterwise | ||
| 700 |
_a SIDHU Gurdev Singh _9253249 |
||
| 942 |
_hY:582.2, P5 _cGB _2CC |
||
| 999 |
_c498782 _d498782 |
||